Statystyki dla Quiz Pierwiastki i Symbole kl. 7

Kliknij tutaj aby rozwiązać quiz!

Ogólne statystyki

  • Ten quiz został rozwiązany 61 razy
  • Średni wynik to 23 z 26

Statystyki odpowiedzi

PierwiastekSymbol% Poprawnych
WęgielC
100%
WodórH
100%
MagnezMg
100%
TlenO
100%
FosforP
100%
SiarkaS
100%
ChlorCl
97%
ŻelazoFe
95%
PotasK
95%
BromBr
92%
WapńCa
92%
RadRa
92%
SrebroAg
89%
AzotN
89%
PolonPo
89%
JodI
86%
ZłotoAu
84%
miedźCu
81%
SódNa
81%
KrzemSi
81%
GlinAl
78%
RtęćHg
78%
OłówPb
73%
CynaSn
73%
CynkZn
70%
BorBa
43%

Rozkład punktacji

Percentyl według liczby udzielonych odpowiedzi

Procent ludzi z każdym wynikiem

Twoja historia wyników

Nie rozwiązałeś tego quizu